书目信息 |
| 题名: |
身边的管理学
|
|
| 作者: | 商振 著 | |
| 分册: | ||
| 出版信息: | 北京 北京大学出版社 2007 |
|
| 页数: | 159页 | |
| 开本: | 23cm | |
| 丛书名: | ||
| 单 册: | ||
| 中图分类: | C93-49 | |
| 科图分类: | ||
| 主题词: | 管理学--通俗读物 , 管理学 | |
| 电子资源: | ||
| ISBN: | 978-7-301-11434-6 | |
| 000 | 00978nam0 2200253 450 | |
| 001 | 012007688031 | |
| 005 | 20070517090712.56 | |
| 010 | @a978-7-301-11434-6@dCNY22.00 | |
| 100 | @a20070316d2007 km y0chiy0120 ea | |
| 101 | 0 | @achi |
| 102 | @aCN@b110000 | |
| 105 | @ay z 000yy | |
| 106 | @ar | |
| 200 | 1 | @a身边的管理学@Ashen bian de guan li xue@e从生活中学管理,从管理中品生活@f商振著@Fshang zhen zhu |
| 210 | @a北京@c北京大学出版社@d2007 | |
| 215 | @a159页@d23cm | |
| 330 | @a本书主要是对管理的主体对象---人进行了一些微观的探讨,即如何根据人的行为选择特点、模式和行为背后的原因,来探讨如何顺应、影响、改变员工行为。这也正是管理工作中非常重要的一项工作,是影响管理成效的关键因素之一。 | |
| 517 | 1 | @a从生活中学管理,从管理中品生活@Acong sheng huo zhong xue guan li,cong guan li zhong pin sheng huo |
| 606 | 0 | @a管理学@j通俗读物 |
| 606 | 0 | @a管理学 |
| 690 | @aC93-49@v4 | |
| 701 | 0 | @a商振@Ashang zhen@4著 |
| 801 | 0 | @aCN@bRULIN@c20070517 |
| 905 | @dC93-49@e289@s10 | |
| 身边的管理学:从生活中学管理,从管理中品生活/商振著.-北京:北京大学出版社,2007 |
| 159页;23cm |
| ISBN 978-7-301-11434-6:CNY22.00 |
| 本书主要是对管理的主体对象---人进行了一些微观的探讨,即如何根据人的行为选择特点、模式和行为背后的原因,来探讨如何顺应、影响、改变员工行为。这也正是管理工作中非常重要的一项工作,是影响管理成效的关键因素之一。 |
| ● |
| 相关链接 |
|
|
|
|
正题名:身边的管理学
索取号:C93-49/289
 
预约/预借
| 序号 | 登录号 | 条形码 | 馆藏地/架位号 | 状态 | 备注 |
| 1 | 0577701 | 205777015 | 第一样本阅览室/ [索取号:C93-49/289] | 在馆 | |
| 2 | 0577702 | 205777024 | 教育系资料室/ [索取号:C93-49/289] | 在馆 | |
| 3 | 0577703 | 205777033 | 教育系资料室/ [索取号:C93-49/289] | 在馆 | |
| 4 | 0577704 | 205777042 | 教育系资料室/ [索取号:C93-49/289] | 在馆 | |
| 5 | 0577705 | 205777051 | 第一借阅区/ [索取号:C93-49/289] | 在馆 | |
| 6 | 0577706 | 205777060 | 第一借阅区/ [索取号:C93-49/289] | 在馆 | |
| 7 | 0577707 | 205777079 | 第一借阅区/ [索取号:C93-49/289] | 在馆 | |
| 8 | 0577708 | 205777088 | 教育系资料室/ [索取号:C93-49/289] | 在馆 | |
| 9 | 0577709 | 205777097 | 第一借阅区/ [索取号:C93-49/289] | 在馆 | |
| 10 | 0577710 | 205777104 | 教育系资料室/ [索取号:C93-49/289] | 在馆 |